[Event "Junior Online 4NCL Division 5"]
[Site "online"]
[Date "2021.03.18"]
[EventDate "2021.03.18"]
[Round "5.21"]
[White "Kumar, Soham"]
[WhiteElo "1811"]
[WhiteTeam "Berkshire Bishops"]
[Black "Song, Ruien"]
[BlackElo "827"]
[BlackTeam "London Dragons Queens"]
[Result "1-0"]
[PlyCount "49"]

1. e4 c5 2. Nf3 e6 3. d4 d5 4. exd5 exd5 5. Be2 Nf6 6. O-O g6 7. Re1 Nc6 8. Bg5 Bg7 9. c3 O-O 10. Nbd2 Re8 11. Rc1 b6 12. Qc2 Bg4 13. Bb5 Qc7 14. Ne5 Bd7 15. Nxd7 Nxd7 16. Qa4 Rxe1+ 17. Rxe1 Ndb8 18. Re8+ Bf8 19. Bh6 Nd7 20. Rxa8 Qd6 21. Bxc6 Nb8 22. Bxf8 Qxf8 23. Qxa7 Qd6 24. Qxb8+ Kg7 25. Qxd6 1-0

[Event "Junior Online 4NCL Division 5"]
[Site "online"]
[Date "2021.03.18"]
[EventDate "2021.03.18"]
[Round "5.22"]
[White "Pan, Ailun"]
[WhiteElo "750"]
[WhiteTeam "London Dragons Queens"]
[Black "Rybak, Teo"]
[BlackElo "1780"]
[BlackTeam "Berkshire Bishops"]
[Result "0-1"]
[PlyCount "118"]

1. e4 e6 2. d4 d5 3. exd5 exd5 4. Nf3 Bd6 5. Bd3 Ne7 6. Be2 O-O 7. O-O Nbc6 8. Bg5 f6 9. Be3 Bg4 10. h3 Bh5 11. c4 Kh8 12. Nc3 dxc4 13. Bxc4 Nf5 14. d5 Ne5 15. Be2 Nxe3 16. fxe3 Bc5 17. Nd4 Bxe2 18. Qxe2 Bxd4 19. exd4 Ng6 20. Rf5 Ne7 21. Rh5 g6 22. Rh6 Nxd5 23. Qe4 Nxc3 24. Qxg6 Qe7 25. bxc3 Rg8 26. Qxf6+ Qxf6 27. Rxf6 Rgf8 28. Raf1 Rxf6 29. Rxf6 Kg7 30. Rf4 Re8 31. g4 Re3 32. h4 Rxc3 33. h5 Rc1+ 34. Rf1 Rxf1+ 35. Kxf1 Kf6 36. Ke2 Kg5 37. Kf3 b6 38. d5 a6 39. a3 b5 40. Kg3 a5 41. Kf3 b4 42. axb4 axb4 43. Ke2 Kxg4 44. Kd2 Kf4 45. Kc2 Ke4 46. Kb3 Kxd5 47. Kxb4 Kd4 48. Kb5 c5 49. Kc6 c4 50. Kd6 c3 51. Ke6 c2 52. Kf6 c1=Q 53. Kg7 Qc2 54. h6 Qg6+ 55. Kh8 Qxh6 56. Kg8 Qg5+ 57. Kxh7 Ke5 58. Kh8 Kf6 59. Kh7 Qg7# 0-1

[Event "Junior Online 4NCL Division 5"]
[Site "online"]
[Date "2021.03.18"]
[EventDate "2021.03.18"]
[Round "5.23"]
[White "Khoury, Theo"]
[WhiteElo "1645"]
[WhiteTeam "Berkshire Bishops"]
[Black "Liu, Zhengzheng"]
[BlackElo "780"]
[BlackTeam "London Dragons Queens"]
[Result "1-0"]
[PlyCount "115"]

1. e4 c5 2. Nf3 Nc6 3. d4 cxd4 4. Nxd4 g6 5. c4 Bg7 6. Be3 Nf6 7. Nc3 O-O 8. Be2 e5 9. Ndb5 a6 10. Nd6 Ne8 11. c5 Nxd6 12. cxd6 Nd4 13. Nd5 b5 14. O-O Nxe2+ 15. Qxe2 Bb7 16. Bb6 Qb8 17. Nc7 Bc6 18. Nxa8 Bxa8 19. Bc7 Qb7 20. f3 Rc8 21. Rac1 Bh6 22. Rc2 Qa7+ 23. Kh1 Bf8 24. Qd3 Bc6 25. Rd1 Bh6 26. b4 Bb7 27. Qc3 Be3 28. Qxe5 Bh6 29. Qc5 Qxc5 30. bxc5 b4 31. c6 Bxc6 32. Rxc6 Bg5 33. Rxa6 Kg7 34. Rb6 Kf6 35. Rxb4 Ke6 36. a4 Bd8 37. Rb8 Rxb8 38. Bxb8 Bb6 39. Bc7 Ba7 40. a5 Ke5 41. Bb6 Bb8 42. a6 Kf4 43. a7 Bxa7 44. Bxa7 g5 45. Rc1 Ke5 46. Bb8 Ke6 47. Rc5 f6 48. g3 h5 49. f4 g4 50. f5+ Kf7 51. Rc7 Ke8 52. Ba7 Kd8 53. Bd4 Ke8 54. Bxf6 Kf8 55. Rxd7 Ke8 56. Ra7 Kf8 57. d7 Kf7 58. d8=Q# 1-0

[Event "Junior Online 4NCL Division 5"]
[Site "online"]
[Date "2021.03.18"]
[EventDate "2021.03.18"]
[Round "5.24"]
[White "Gan, Mark"]
[WhiteElo "820"]
[WhiteTeam "London Dragons Queens"]
[Black "Sreeram, Yashasvini"]
[BlackElo "1705"]
[BlackTeam "Berkshire Bishops"]
[Result "0-1"]
[PlyCount "130"]

1. e4 c5 2. Nc3 d6 3. f4 Nc6 4. Nf3 Nf6 5. Bc4 g6 6. d3 Bg7 7. Ng5 O-O 8. Nd5 Nxd5 9. Bxd5 Bd7 10. c3 Qb6 11. Qe2 e6 12. Bb3 d5 13. Be3 dxe4 14. Nxe4 Qc7 15. Bxc5 Rfe8 16. O-O b6 17. Bd6 Qb7 18. Qf3 Na5 19. Bb4 Bc6 20. Qg3 Bxe4 21. dxe4 Nxb3 22. axb3 Qxe4 23. Rae1 Qb7 24. Bd6 Rad8 25. Be5 Qc6 26. Bxg7 Kxg7 27. Qe3 f6 28. Ra1 a5 29. Rfd1 Kf7 30. Qh3 h5 31. Rd3 Qb5 32. c4 Qc5+ 33. Kh1 Qf2 34. Rxd8 Rxd8 35. Qc3 Qxf4 36. b4 Qg4 37. h3 Rd1+ 38. Rxd1 Qxd1+ 39. Kh2 Qd6+ 40. g3 Qxb4 41. Qc2 Kg7 42. b3 a4 43. bxa4 Kf7 44. h4 f5 45. Kh3 Kf6 46. Kh2 Ke5 47. Qe2+ Kf6 48. Qc2 Qc5 49. Qc3+ e5 50. Qd3 Qd4 51. Qb3 Qf2+ 52. Kh3 Qf1+ 53. Kh2 Qe2+ 54. Kh3 Qf1+ 55. Kh2 Qf2+ 56. Kh1 g5 57. hxg5+ Kxg5 58. Qc3 e4 59. Qc1+ Kg4 60. Qg1 Qxg1+ 61. Kxg1 Kxg3 62. Kf1 h4 63. Kg1 h3 64. Kh1 e3 65. Kg1 h2+ 0-1

[Event "Junior Online 4NCL Division 5"]
[Site "online"]
[Date "2021.03.18"]
[EventDate "2021.03.18"]
[Round "5.25"]
[White "Song, Ruien"]
[WhiteElo "827"]
[WhiteTeam "London Dragons Queens"]
[Black "Kumar, Soham"]
[BlackElo "1811"]
[BlackTeam "Berkshire Bishops"]
[Result "0-1"]
[PlyCount "83"]

1. c4 c5 2. b4 e6 3. Nf3 Nf6 4. d3 Be7 5. Bd2 O-O 6. g3 cxb4 7. a3 bxa3 8. Nxa3 b6 9. Bg2 Bb7 10. O-O Nc6 11. Bc3 d5 12. cxd5 Nxd5 13. Nb5 a6 14. Nbd4 Nxc3 15. Nxc6 Bxc6 16. Qb3 Nxe2+ 17. Kh1 Bxf3 18. Bxf3 Nd4 19. Qd1 Nxf3 20. Qxf3 Qd4 21. Rfc1 Rac8 22. Rd1 Rc2 23. Rf1 a5 24. Rae1 Bc5 25. Re3 Rxf2 26. Qxf2 Qxe3 27. Qxe3 Bxe3 28. Rb1 Rd8 29. Rb3 a4 30. Ra3 b5 31. Kg2 Bc5 32. Rc3 Bb4 33. Rc6 h6 34. Rb6 Rxd3 35. Rxb5 Rb3 36. Rb8+ Kh7 37. Kh3 a3 38. Ra8 Rb2 39. Kh4 a2 40. g4 Bc3 41. Ra3 Rxh2+ 42. Kg3 0-1

[Event "Junior Online 4NCL Division 5"]
[Site "online"]
[Date "2021.03.18"]
[EventDate "2021.03.18"]
[Round "5.26"]
[White "Rybak, Teo"]
[WhiteElo "1780"]
[WhiteTeam "Berkshire Bishops"]
[Black "Pan, Ailun"]
[BlackElo "750"]
[BlackTeam "London Dragons Queens"]
[Result "0-1"]
[PlyCount "40"]

1. e4 e5 2. Nf3 Nc6 3. Bb5 Bc5 4. O-O d6 5. c3 a6 6. Ba4 b5 7. Bb3 Nf6 8. Re1 O-O 9. h3 Be6 10. Bc2 d5 11. d4 exd4 12. cxd4 Bb4 13. Nc3 dxe4 14. Bxe4 Bd5 15. Nxd5 Bxe1 16. Nxf6+ Qxf6 17. Qxe1 Rae8 18. Nd2 Qxd4 19. Qd1 Rxe4 20. Nxe4 Qxd1+ 0-1

[Event "Junior Online 4NCL Division 5"]
[Site "online"]
[Date "2021.03.18"]
[EventDate "2021.03.18"]
[Round "5.27"]
[White "Liu, Zhengzheng"]
[WhiteElo "780"]
[WhiteTeam "London Dragons Queens"]
[Black "Khoury, Theo"]
[BlackElo "1645"]
[BlackTeam "Berkshire Bishops"]
[Result "0-1"]
[PlyCount "116"]

1. d4 Nf6 2. c4 c5 3. d5 e6 4. Nc3 exd5 5. cxd5 d6 6. e4 g6 7. Nf3 Bg7 8. Bb5+ Bd7 9. Bxd7+ Nbxd7 10. O-O O-O 11. Be3 Re8 12. Qd3 a6 13. a3 b5 14. b3 b4 15. axb4 cxb4 16. Ne2 Nxe4 17. Rxa6 Ndc5 18. Bxc5 Nxc5 19. Rxa8 Qxa8 20. Qc4 Qa2 21. Ned4 Qb2 22. Qxb4 Nd3 23. Qb5 Ra8 24. Qxd3 Ra1 25. g3 Ra5 26. Nc6 Rc5 27. Rb1 Qf6 28. b4 Rc3 29. Qe4 Rxf3 30. Qe8+ Bf8 31. Rf1 Kg7 32. Kg2 Rb3 33. Qb8 Qf3+ 34. Kg1 Qxd5 35. Na5 Be7 36. Nxb3 Qxb3 37. Qc7 Bf8 38. Qb8 d5 39. b5 Bc5 40. Rc1 Bd4 41. Rf1 Qb2 42. Qb7 Qb3 43. Qb8 h5 44. Kg2 Bc5 45. Qe5+ Kg8 46. Qe8+ Kg7 47. Qe5+ Kh7 48. Rc1 Bb6 49. Qf6 Qxb5 50. Qxf7+ Kh6 51. Qf4+ Kg7 52. Qe5+ Kh7 53. Qe7+ Kh6 54. Rc8 Qb2 55. Qe3+ Bxe3 56. Rd8 Qxf2+ 57. Kh3 Qf1+ 58. Kh4 g5# 0-1

[Event "Junior Online 4NCL Division 5"]
[Site "online"]
[Date "2021.03.18"]
[EventDate "2021.03.18"]
[Round "5.28"]
[White "Sreeram, Yashasvini"]
[WhiteElo "1705"]
[WhiteTeam "Berkshire Bishops"]
[Black "Gan, Mark"]
[BlackElo "820"]
[BlackTeam "London Dragons Queens"]
[Result "0-1"]
[PlyCount "172"]

1. e4 c5 2. Nf3 d6 3. d4 cxd4 4. Nxd4 Nf6 5. Nc3 g6 6. Be3 Bg7 7. f3 O-O 8. g4 Nc6 9. Qd2 Re8 10. O-O-O Nxd4 11. Bxd4 a5 12. Kb1 a4 13. Bb5 Bd7 14. Bxd7 Qxd7 15. h4 h5 16. Bxf6 exf6 17. gxh5 Red8 18. hxg6 fxg6 19. h5 gxh5 20. Rhg1 a3 21. b3 h4 22. Nd5 Qe6 23. Nc7 Qe5 24. Qd5+ Qxd5 25. Nxd5 Kf7 26. Rh1 Rh8 27. Nb6 Rad8 28. Nc4 Ke7 29. Nxa3 h3 30. Nc4 h2 31. Ne3 Rh3 32. Nf5+ Kf7 33. Nxd6+ Ke6 34. Rd2 Rxd6 35. Rdxh2 Rxf3 36. Rh7 Rd7 37. Kb2 f5+ 38. Kb1 fxe4 39. Re1 e3 40. Rh4 Bf6 41. Rh6 Rd2 42. a4 e2 43. Kc1 Rd1+ 44. Rxd1 exd1=N 45. Kxd1 Kf5 46. Rh7 b6 47. Rb7 Bd4 48. Rf7+ Ke4 49. Re7+ Kd5 50. Rd7+ Ke5 51. Re7+ Kd6 52. Re2 Bc3 53. Rh2 Re3 54. Rh6+ Kc5 55. Rh5+ Kc6 56. Rh6+ Kb7 57. Rh7+ Ka6 58. Rh1 Re5 59. Kc1 Ka5 60. Kb1 Re1+ 61. Rxe1 Bxe1 62. Kb2 Kb4 63. Kc1 Kc3 64. Kd1 Bg3 65. Kc1 Bf4+ 66. Kb1 Bd6 67. Kc1 Ba3+ 68. Kd1 Bb2 69. Ke2 Kxc2 70. b4 Kb3 71. a5 b5 72. a6 Bd4 73. Kd3 Bb6 74. Ke4 Kxb4 75. Kd5 Ka5 76. Ke4 b4 77. Kd3 Kxa6 78. Kc4 Ka5 79. Kb3 Kb5 80. Kb2 Kc4 81. Kc2 Bd4 82. Kb1 Kb3 83. Kc1 Ka2 84. Kc2 b3+ 85. Kd3 b2 86. Kxd4 b1=Q 0-1

[Event "Junior Online 4NCL Division 5"]
[Site "online"]
[Date "2021.03.18"]
[EventDate "2021.03.18"]
[Round "5.31"]
[White "Ray, Ayush"]
[WhiteElo "1771"]
[WhiteTeam "Chess Challengers A"]
[Black "Phanish, Adithya"]
[BlackElo "1720"]
[BlackTeam "Kings College School"]
[Result "1/2-1/2"]
[PlyCount "132"]

1. e4 c5 2. Nc3 g6 3. Be2 Nc6 4. Nf3 Bg7 5. d3 d6 6. O-O Nf6 7. Be3 O-O 8. Qd2 Ng4 9. h3 Nxe3 10. Qxe3 b6 11. Rad1 Bb7 12. Rfe1 Nd4 13. Qd2 Qd7 14. Nd5 Nxf3+ 15. Bxf3 Bxd5 16. exd5 Rfe8 17. c4 Qa4 18. b3 Qd7 19. Re2 b5 20. Rde1 b4 21. Qg5 Bf6 22. Qg4 Qxg4 23. Bxg4 h5 24. Bf3 a5 25. Kh1 a4 26. Rb1 Ra7 27. g3 Rea8 28. Kg2 axb3 29. axb3 Ra1 30. Ree1 R1a2 31. Re2 Ra1 32. Ree1 Rxb1 33. Rxb1 Ra1 34. Rxa1 Bxa1 35. h4 Kg7 36. g4 hxg4 37. Bxg4 Kf6 38. Kf3 Ke5 39. Ke3 Bd4+ 40. Ke2 Kf4 41. Bf3 Bc3 42. h5 gxh5 43. Bxh5 f6 44. Bf7 Ke5 45. Ke3 Bb2 46. f4+ Kf5 47. Be6+ Kg6 48. Ke4 Bd4 49. f5+ Kg5 50. Kf3 Be5 51. Ke4 Kg4 52. Ke3 Kg3 53. Ke2 Bd4 54. Bf7 Kf4 55. Be6 Ke5 56. Kf3 Bg1 57. Ke2 Kd4 58. Kd2 Be3+ 59. Ke2 Bc1 60. Bd7 Kc3 61. Ba4 Kd4 62. Bd7 Bf4 63. Ba4 Be5 64. Kd2 Bf4+ 65. Ke2 Ke5 66. Bd7 Kd4 1/2-1/2

[Event "Junior Online 4NCL Division 5"]
[Site "online"]
[Date "2021.03.18"]
[EventDate "2021.03.18"]
[Round "5.32"]
[White "Russo, Leonardo"]
[WhiteElo "1700"]
[WhiteTeam "Kings College School"]
[Black "Sidana, Rishabh"]
[BlackElo "1660"]
[BlackTeam "Chess Challengers A"]
[Result "0-1"]
[PlyCount "54"]

1. e4 Nc6 2. Nf3 e5 3. d4 d6 4. Be3 Bg4 5. Be2 Nf6 6. Nc3 exd4 7. Nxd4 Nxd4 8. Bxd4 Bxe2 9. Qxe2 Be7 10. O-O-O O-O 11. f4 Nd7 12. Qg4 Nf6 13. Qg3 c5 14. Bxf6 Bxf6 15. e5 Bh4 16. Qe3 g5 17. Rxd6 gxf4 18. Qxf4 Bg5 19. Rxd8 Bxf4+ 20. Kb1 Rfxd8 21. a3 Bxe5 22. Ne4 Rd4 23. Nxc5 Rad8 24. Nd3 Bg7 25. Ka2 R8d6 26. Nc5 Rb6 27. Re1 Rxb2+ 0-1

[Event "Junior Online 4NCL Division 5"]
[Site "online"]
[Date "2021.03.18"]
[EventDate "2021.03.18"]
[Round "5.33"]
[White "Gupta, Shourya"]
[WhiteElo "1640"]
[WhiteTeam "Chess Challengers A"]
[Black "Ghosh, Kabir A"]
[BlackElo "1543"]
[BlackTeam "Kings College School"]
[Result "0-1"]
[PlyCount "86"]

1. d4 Nf6 2. Bf4 Nc6 3. e3 d5 4. Bd3 g6 5. Nd2 Bg7 6. c3 O-O 7. Ngf3 Nh5 8. Bg3 Re8 9. e4 Nxg3 10. hxg3 dxe4 11. Nxe4 e5 12. d5 Qxd5 13. Rh6 Rd8 14. Nf6+ Bxf6 15. Bc2 Qxd1+ 16. Rxd1 Rxd1+ 17. Bxd1 Bg4 18. Bb3 e4 19. Nd2 Bg5 20. Rh2 Bxd2+ 21. Kxd2 Rd8+ 22. Kc1 Na5 23. Bc2 f5 24. b4 Nc4 25. Bb3 b5 26. a4 a6 27. Rh1 Kg7 28. a5 Rd3 29. Bxc4 Rxc3+ 30. Kd2 Rxc4 31. Rb1 Kf6 32. Ke3 Ke5 33. f3 exf3 34. gxf3 Rc3+ 35. Kd2 Rxf3 36. Re1+ Kf6 37. Re8 Rxg3 38. Ra8 Rg2+ 39. Kc3 Re2 40. Rxa6+ Re6 41. Ra7 Rc6+ 42. Kd4 Rc4+ 43. Kd5 Bf3# 0-1

[Event "Junior Online 4NCL Division 5"]
[Site "online"]
[Date "2021.03.18"]
[EventDate "2021.03.18"]
[Round "5.34"]
[White "Grover, Anish"]
[WhiteElo "1518"]
[WhiteTeam "Kings College School"]
[Black "Rajaram, Dilip"]
[BlackElo "1635"]
[BlackTeam "Chess Challengers A"]
[Result "1-0"]
[PlyCount "125"]

1. d4 d5 2. c4 c6 3. Nc3 Nf6 4. Nf3 Bg4 5. e3 e6 6. h3 Bxf3 7. Qxf3 Bb4 8. Bd2 Bxc3 9. Bxc3 Ne4 10. Rc1 Nxc3 11. Rxc3 Qb6 12. Qe2 dxc4 13. Qc2 Nd7 14. Bxc4 a5 15. Rb3 Qc7 16. O-O a4 17. Rb4 h5 18. Rxa4 Rxa4 19. Qxa4 g5 20. Qa8+ Nb8 21. Rc1 Ke7 22. Qa3+ Kd7 23. d5 exd5 24. Bxd5 cxd5 25. Rxc7+ Kxc7 26. Qc3+ Nc6 27. Qxh8 Kd6 28. Qxh5 f6 29. Qg6 Ke6 30. g3 Ne5 31. Qe8+ Kd6 32. h4 Nf3+ 33. Kg2 Ne1+ 34. Kf1 Nf3 35. h5 Nd2+ 36. Ke2 Ne4 37. h6 f5 38. h7 Kc5 39. Qxe4 dxe4 40. h8=Q Kc4 41. Qc8+ Kb5 42. Qxb7+ Kc5 43. b4+ Kd6 44. a4 Ke6 45. a5 Ke5 46. a6 Ke6 47. a7 Ke5 48. a8=Q Kf6 49. Qf8+ Ke6 50. Qbe7+ Kd5 51. Qfd8+ Kc4 52. Qc5+ Kb3 53. Qdd5+ Kb2 54. Qcd4+ Ka3 55. Qa5+ Kb3 56. Qdd5+ Kc3 57. Qaa2 f4 58. gxf4 gxf4 59. exf4 Kxb4 60. Qac4+ Ka3 61. Qa5+ Kb2 62. Qab5+ Ka1 63. Qca4# 1-0

[Event "Junior Online 4NCL Division 5"]
[Site "online"]
[Date "2021.03.18"]
[EventDate "2021.03.18"]
[Round "5.35"]
[White "Phanish, Adithya"]
[WhiteElo "1720"]
[WhiteTeam "Kings College School"]
[Black "Ray, Ayush"]
[BlackElo "1771"]
[BlackTeam "Chess Challengers A"]
[Result "1-0"]
[PlyCount "57"]

1. d4 d5 2. c4 e6 3. Nc3 Nf6 4. Nf3 Be7 5. Bf4 Nc6 6. e3 Bd7 7. Nb5 Rc8 8. a3 a6 9. Nc3 O-O 10. Bd3 Bd6 11. Bxd6 cxd6 12. cxd5 exd5 13. Qb3 Qe7 14. Nxd5 Nxd5 15. Qxd5 Be6 16. Qh5 g6 17. Qh6 f5 18. h4 f4 19. h5 Bf5 20. Bc4+ Kh8 21. hxg6 Bxg6 22. Qxg6 fxe3 23. Ng5 exf2+ 24. Kd2 Rc7 25. Nxh7 Qxh7 26. Rxh7+ Rxh7 27. Qxd6 Rc8 28. Qf6+ Rg7 29. Rh1# 1-0

[Event "Junior Online 4NCL Division 5"]
[Site "online"]
[Date "2021.03.18"]
[EventDate "2021.03.18"]
[Round "5.36"]
[White "Sidana, Rishabh"]
[WhiteElo "1660"]
[WhiteTeam "Chess Challengers A"]
[Black "Russo, Leonardo"]
[BlackElo "1700"]
[BlackTeam "Kings College School"]
[Result "0-1"]
[PlyCount "68"]

1. e4 c5 2. f4 Nc6 3. Bc4 e6 4. Nc3 Nf6 5. d3 d5 6. Bb5 Bd7 7. exd5 exd5 8. Nf3 a6 9. Bxc6 Bxc6 10. O-O Be7 11. Ne2 O-O 12. Ng3 Qc7 13. Ne5 Bd6 14. Nxc6 Qxc6 15. Nh5 Nxh5 16. Qxh5 c4 17. d4 Rfe8 18. f5 Qb6 19. c3 Bf8 20. Bg5 h6 21. Bh4 Qxb2 22. f6 g6 23. Qxd5 Qxc3 24. Rac1 Qd3 25. Rf3 Qe4 26. Qxc4 Qxh4 27. Rg3 Rec8 28. Qxc8 Rxc8 29. Rxc8 Qxd4+ 30. Kf1 Qxf6+ 31. Rf3 Qa1+ 32. Kf2 Qxa2+ 33. Kg3 Kg7 34. Rc7 Bd6+ 0-1

[Event "Junior Online 4NCL Division 5"]
[Site "online"]
[Date "2021.03.18"]
[EventDate "2021.03.18"]
[Round "5.37"]
[White "Ghosh, Kabir A"]
[WhiteElo "1543"]
[WhiteTeam "Kings College School"]
[Black "Gupta, Shourya"]
[BlackElo "1640"]
[BlackTeam "Chess Challengers A"]
[Result "1-0"]
[PlyCount "103"]

1. c4 c5 2. Nf3 Nf6 3. Nc3 e6 4. e3 Nc6 5. d4 d5 6. a3 a6 7. dxc5 Bxc5 8. b4 Be7 9. Bb2 O-O 10. Qc2 dxc4 11. Bxc4 b5 12. Bd3 Bb7 13. Ne4 Rc8 14. Nc5 Bxc5 15. bxc5 h6 16. Rd1 Qa5+ 17. Nd2 Rfd8 18. h3 Ne7 19. O-O Ned5 20. Rc1 b4 21. Bxf6 Nxf6 22. axb4 Qa3 23. Be4 Nxe4 24. Nxe4 Qxb4 25. Ng3 Rd2 26. Qc4 Qxc4 27. Rxc4 Bc6 28. Ra1 Bb5 29. Rc3 Rd5 30. Rac1 a5 31. f3 a4 32. c6 a3 33. Rxa3 Rxc6 34. Rxc6 Bxc6 35. Rc3 Bb5 36. Rc7 Rd7 37. Rc5 Rd1+ 38. Kh2 Bd3 39. Rc7 Bg6 40. Rc8+ Kh7 41. Rc7 Rd3 42. e4 f5 43. exf5 exf5 44. Rc5 f4 45. Ne2 Rd4 46. Nxd4 Be8 47. Ne6 Bf7 48. Nxf4 g5 49. Nd5 Kg6 50. Rc6+ Kf5 51. Ne7+ Ke5 52. Rxh6 1-0

[Event "Junior Online 4NCL Division 5"]
[Site "online"]
[Date "2021.03.18"]
[EventDate "2021.03.18"]
[Round "5.38"]
[White "Rajaram, Dilip"]
[WhiteElo "1635"]
[WhiteTeam "Chess Challengers A"]
[Black "Grover, Anish"]
[BlackElo "1518"]
[BlackTeam "Kings College School"]
[Result "0-1"]
[PlyCount "56"]

1. c4 c5 2. e4 Nc6 3. Nc3 d6 4. Nf3 g6 5. d3 Bg7 6. Be2 Bg4 7. O-O Bxf3 8. Bxf3 Nf6 9. Bg5 Qc7 10. Bxf6 Bxf6 11. Nd5 Qd8 12. Nxf6+ exf6 13. Be2 O-O 14. f4 Ne7 15. f5 Qc7 16. Rf3 Kh8 17. Rh3 Rg8 18. Bf1 Rg7 19. fxg6 fxg6 20. Qf3 Rf8 21. Re1 f5 22. g3 Qd8 23. exf5 Nxf5 24. Qd5 Nd4 25. g4 Qf6 26. Bg2 Qf2+ 27. Kh1 Qxe1+ 28. Bf1 Qxf1# 0-1

[Event "Junior Online 4NCL Division 5"]
[Site "online"]
[Date "2021.03.18"]
[EventDate "2021.03.18"]
[Round "5.41"]
[White "Baig, Huzaifa"]
[WhiteElo "1240"]
[WhiteTeam "Colchester Juniors C"]
[Black "Ryan, Tabitha"]
[BlackElo "1435"]
[BlackTeam "Young Dragons B"]
[Result "1-0"]
[PlyCount "117"]

1. d4 d5 2. c4 c6 3. Nc3 Nf6 4. Nf3 e6 5. Bg5 Nbd7 6. e3 h6 7. Bh4 Be7 8. h3 Ne4 9. Bxe7 Qxe7 10. Nxe4 dxe4 11. Nd2 Nf6 12. Qc2 Qb4 13. a3 Qb6 14. c5 Qa5 15. b4 Qc7 16. Nxe4 Nxe4 17. Qxe4 O-O 18. Bd3 g6 19. Qh4 h5 20. O-O Qd8 21. Qf4 Kg7 22. Qe5+ Qf6 23. Qxf6+ Kxf6 24. b5 Bd7 25. bxc6 Bxc6 26. a4 Rfe8 27. Bb5 a6 28. Bxc6 bxc6 29. Rab1 Rab8 30. a5 Kg7 31. Rb6 Rxb6 32. axb6 Rb8 33. Ra1 Kf8 34. Rxa6 Ke7 35. Ra7+ Ke8 36. Kf1 f5 37. Ke2 Kd8 38. Rg7 Rc8 39. Rxg6 Ke7 40. Rg7+ Kf6 41. Rc7 Ra8 42. Rxc6 Ra2+ 43. Kf3 Rb2 44. Rc8 Rb3 45. Rb8 Kg5 46. g3 h4 47. gxh4+ Kxh4 48. Rg8 Rb2 49. Rg7 Kh5 50. b7 Kh6 51. Rc7 Rb3 52. c6 Kg6 53. Rc8 Kf7 54. b8=R Rxb8 55. Rxb8 Ke7 56. c7 Kd7 57. c8=Q+ Kd6 58. Rb6+ Kd5 59. Qxe6# 1-0

[Event "Junior Online 4NCL Division 5"]
[Site "online"]
[Date "2021.03.18"]
[EventDate "2021.03.18"]
[Round "5.42"]
[White "Davies, Milo"]
[WhiteElo "1421"]
[WhiteTeam "Young Dragons B"]
[Black "Shiva, Shrishti"]
[BlackElo "1235"]
[BlackTeam "Colchester Juniors C"]
[Result "1-0"]
[PlyCount "101"]

1. e4 e5 2. Nf3 Nc6 3. Bc4 Bc5 4. c3 h6 5. O-O d6 6. d4 exd4 7. cxd4 Bb6 8. Nc3 Bg4 9. h3 Bxf3 10. Qxf3 Qe7 11. Be3 Nf6 12. Rad1 O-O 13. Rfe1 Rfe8 14. Qg3 Kh7 15. Bd3 Kh8 16. Bb1 Ba5 17. Bf4 Nh5 18. Qf3 Nxf4 19. Qxf4 Bb6 20. Nd5 Qd7 21. Nxb6 axb6 22. Re3 Ra4 23. Rf3 f6 24. Qe3 Qe7 25. e5 dxe5 26. Qe4 g5 27. dxe5 Rxe4 28. Bxe4 Qxe5 29. Re3 Qxb2 30. Rd7 Qc1+ 31. Kh2 Ne5 32. Rh7+ Kg8 33. Rxh6 Rf8 34. Bd5+ Kg7 35. Rh5 c6 36. Be4 Qd1 37. Rh7+ Kg8 38. Rxb7 Nc4 39. Rd3 Qa4 40. Rdd7 Ra8 41. Rg7+ Kf8 42. Rbf7+ Ke8 43. Re7+ Kf8 44. Rgf7+ Kg8 45. Rg7+ Kf8 46. Ref7+ Ke8 47. Re7+ Kd8 48. Rd7+ Ke8 49. Bg6+ Kf8 50. Rdf7+ Ke8 51. Rg8# 1-0

[Event "Junior Online 4NCL Division 5"]
[Site "online"]
[Date "2021.03.18"]
[EventDate "2021.03.18"]
[Round "5.43"]
[White "Chung, Vince"]
[WhiteElo "1202"]
[WhiteTeam "Colchester Juniors C"]
[Black "Challoner, Ethan"]
[BlackElo "1300"]
[BlackTeam "Young Dragons B"]
[Result "0-1"]
[PlyCount "122"]

1. e4 d5 2. exd5 Nf6 3. c4 e6 4. Nc3 exd5 5. cxd5 Nxd5 6. Nxd5 Qxd5 7. Nf3 Bg4 8. Be2 Bc5 9. Qa4+ Bd7 10. Qh4 Nc6 11. O-O O-O 12. Rd1 Rfe8 13. Bf1 Nd4 14. Nxd4 Qxd4 15. Qg3 Re6 16. Rb1 Rf6 17. d3 Rxf2 18. Be3 Qxe3 19. Qxe3 Bxe3 20. Kh1 Bb6 21. d4 Re8 22. Bd3 Bc6 23. Rg1 Bxd4 24. Bc4 g6 25. Rbf1 Rxf1 26. Rxf1 Re7 27. h3 Kg7 28. Kh2 Bxb2 29. g4 Be5+ 30. Kg1 Bg3 31. Bd3 Re3 32. Bc4 Re1 33. Rxe1 Bxe1 34. Kf1 Bc3 35. g5 Bd2 36. h4 Bf4 37. Kf2 f6 38. gxf6+ Kxf6 39. Bd3 h6 40. Bc2 g5 41. hxg5+ Kxg5 42. Bb3 h5 43. Be6 h4 44. Bh3 Bd5 45. Ke2 Bxa2 46. Kd3 Bd6 47. Ke4 Bc4 48. Kf3 Bd3 49. Ke3 Bf5 50. Bg2 h3 51. Bf3 Kh4 52. Bxb7 Kg3 53. Bd5 Bg4 54. Kd2 Bf3 55. Bc4 h2 56. Kd3 h1=Q 57. Ke3 Bf4+ 58. Kd4 Qd1+ 59. Kc3 Qd2+ 60. Kb3 Bd1+ 61. Ka3 Bd6# 0-1

[Event "Junior Online 4NCL Division 5"]
[Site "online"]
[Date "2021.03.18"]
[EventDate "2021.03.18"]
[Round "5.44"]
[White "Caesar, Isabella"]
[WhiteElo "1255"]
[WhiteTeam "Young Dragons B"]
[Black "He, Kingsley"]
[BlackElo "834"]
[BlackTeam "Colchester Juniors C"]
[Result "1-0"]
[PlyCount "39"]

1. e4 e5 2. Nf3 Nc6 3. Nc3 Bc5 4. Be2 Nf6 5. O-O O-O 6. Nxe5 Nxe5 7. d4 Bxd4 8. Qxd4 Nc6 9. Qd1 d6 10. Bg5 Ne7 11. Bxf6 gxf6 12. Bd3 Ng6 13. Nd5 Be6 14. f4 Bxd5 15. exd5 Ne7 16. Qh5 f5 17. Rf3 Qd7 18. Rh3 h6 19. Qxh6 f6 20. Qh7# 1-0

[Event "Junior Online 4NCL Division 5"]
[Site "online"]
[Date "2021.03.18"]
[EventDate "2021.03.18"]
[Round "5.45"]
[White "Ryan, Tabitha"]
[WhiteElo "1435"]
[WhiteTeam "Young Dragons B"]
[Black "Baig, Huzaifa"]
[BlackElo "1240"]
[BlackTeam "Colchester Juniors C"]
[Result "0-1"]
[PlyCount "108"]

1. d4 d5 2. Nf3 Nf6 3. c3 c5 4. Bf4 Nc6 5. e3 a6 6. Nbd2 Bg4 7. h3 Bh5 8. Be2 e6 9. Nb3 c4 10. Nbd2 h6 11. b3 b5 12. Ne5 Bxe2 13. Qxe2 Nxe5 14. Bxe5 Bd6 15. Bxd6 Qxd6 16. b4 O-O 17. O-O Nh7 18. e4 dxe4 19. Nxe4 Qc6 20. Qf3 Rac8 21. Rfe1 Rfe8 22. Qg3 Qc7 23. Nd6 Qc6 24. Nxe8 Rxe8 25. Qe5 Nf6 26. Qc5 Qb7 27. a4 Nd5 28. Rec1 Nf4 29. f3 Nd3 30. Qh5 Nxc1 31. Rxc1 bxa4 32. Ra1 Qb5 33. Qg4 a5 34. bxa5 Qxa5 35. Qf4 a3 36. Qd2 Rb8 37. Kf2 Rb3 38. Kg3 Qxc3 39. Qxc3 Rxc3 40. Rd1 a2 41. Ra1 Ra3 42. Kf2 Kf8 43. Ke2 c3 44. Kd1 Ke7 45. Kc2 Kd6 46. Kd3 Kd5 47. g4 g5 48. Kc2 Kxd4 49. Rd1+ Ke3 50. Rd3+ Kf4 51. Rxc3 Rxc3+ 52. Kxc3 a1=R 53. Kd2 Ra3 54. Ke2 f6 0-1

[Event "Junior Online 4NCL Division 5"]
[Site "online"]
[Date "2021.03.18"]
[EventDate "2021.03.18"]
[Round "5.46"]
[White "Shiva, Shrishti"]
[WhiteElo "1235"]
[WhiteTeam "Colchester Juniors C"]
[Black "Davies, Milo"]
[BlackElo "1421"]
[BlackTeam "Young Dragons B"]
[Result "1-0"]
[PlyCount "111"]

1. e4 d5 2. exd5 Qxd5 3. Nc3 Qa5 4. Nf3 Nf6 5. d4 Bg4 6. Bd2 Nc6 7. h3 Bh5 8. g4 Bg6 9. Bb5 Qb6 10. d5 a6 11. Ba4 Ne4 12. Nxe4 Bxe4 13. dxc6 O-O-O 14. cxb7+ Qxb7 15. O-O Bxf3 16. Qc1 Bh1 17. f3 Bxf3 18. Kh2 e6 19. Bf4 h5 20. g5 Bd6 21. Bxd6 Rxd6 22. Qe3 Bg2 23. Rxf7 Qb4 24. Bb3 Re8 25. Kxg2 Rd2+ 26. Kg1 Rd4 27. Qg3 Qb6 28. Kh1 Rd2 29. Re1 Red8 30. Bxe6+ Kb8 31. Rff1 Rxc2 32. Bb3 Qc6+ 33. Kg1 Rdd2 34. Rf8+ Ka7 35. Qe3+ Kb7 36. Bxc2 Rxc2 37. Rf2 Rc5 38. Qb3+ Ka7 39. Qe3 Kb7 40. Qe4 Qxe4 41. Rxe4 Rxg5+ 42. Rg2 Ra5 43. Rxg7 Rxa2 44. Rb4+ Kc6 45. Rc4+ Kd5 46. Rgxc7 Rxb2 47. Rc1 Rb3 48. Rd1+ Ke6 49. Rc6+ Kf5 50. Rxa6 Rxh3 51. Ra5+ Kg6 52. Rd6+ Kf7 53. Ra7+ Ke8 54. Rh6 Rf3 55. Rxh5 Kf8 56. Rh8# 1-0